书目信息 |
| 题名: |
谁动了我的奶酪?
|
|
| 作者: | 约翰逊 , Johnson 著 ;吴立俊 译 | |
| 分册: | ||
| 出版信息: | 北京 中信出版社 2001 |
|
| 页数: | 91页 | |
| 开本: | 19cm | |
| 丛书名: | ||
| 单 册: | ||
| 中图分类: | B825 , B821 | |
| 科图分类: | ||
| 主题词: | 个人--修养--通俗读物 , 人生观 | |
| 电子资源: | ||
| ISBN: | 7-80073-366-1 | |
| 000 | 00876nam0 2200277 450 | |
| 001 | 1569970507 | |
| 005 | 20150122192648.29 | |
| 010 | @a7-80073-366-1@b精装@dCNY16.80 | |
| 100 | @a20021230d2001 em y0chiy0110 ea | |
| 101 | 1 | @achi@ceng |
| 102 | @aCN@b110000 | |
| 105 | @aa z 000yy | |
| 200 | 1 | @a谁动了我的奶酪?@9shui dong le wo de nai lao?@f(美)斯宾塞·约翰逊(S.Johnson)著@g吴立俊译 |
| 210 | @a北京@c中信出版社@d2001 | |
| 215 | @a91页@c图@d19cm | |
| 305 | @a美国G.P.Putnam's Sons,a member of Penguin Putnam Inc.授权出版 | |
| 510 | 1 | @aWho Moved my Cheese?@zeng |
| 606 | 0 | @a个人@x修养@j通俗读物 |
| 606 | 0 | @a人生观 |
| 690 | @aB825@v5 | |
| 690 | @aB821@v4 | |
| 701 | 1 | @a约翰逊@9Yuehanxun@g(Johnson, Spencer),@f1938-@4著 |
| 701 | 1 | @aJohnson@9Johnson@bS.@4著 |
| 702 | 0 | @a吴立俊@9Wu Lijun@4译 |
| 801 | 0 | @aCN@bTSSF@c20150122 |
| 905 | @aZUCC@dB821@eJY66 | |
| 谁动了我的奶酪?/(美)斯宾塞·约翰逊(S.Johnson)著/吴立俊译.-北京:中信出版社,2001 |
| 91页:图;19cm |
| ISBN 7-80073-366-1(精装):CNY16.80 |
| ● |
| 相关链接 |
|
|
|
|
正题名:谁动了我的奶酪?
索取号:B821/JY66
 
预约/预借
| 序号 | 登录号 | 条形码 | 馆藏地/架位号 | 状态 | 备注 |
| 1 | 7840053 | 278400534 | 学院路分馆/ [索取号:B821/JY66] | 在馆 |